banner-ar

الحب يسهر / (Record no. 47404)

MARC details
000 -الفاتح
حقل البيانات ثابتة الطول 00634nam a2200205Ia 4500
008 - عناصر البيانات ثابتة الطول - معلومات عامة
حقل البيانات ثابتة الطول 140319s9999 xx 000 0 ara d
040 ## - مصدر الفهرسة
وكالة الفهرسة الأصلية GCL /
وكالة النسخ GCL
082 04 - رقم تصنيف ديوى العشرى
رقم التصنيف 843.043
رقم المادة ك ح
100 1# - المدخل الرئيسى - إسم شخصى
الإسم الشخصى يحيى حقى
245 10 - بيان العنوان
العنوان الحب يسهر /
بيان المسئوليه,etc يحيى حقى
700 1# - المدخل الاضافى - اسم شخصى
الإسم الشخصى كايافية , ج.ا.دى
700 1# - المدخل الاضافى - اسم شخصى
الإسم الشخصى فلير، روبير دى
700 1# - المدخل الاضافى - اسم شخصى
الإسم الشخصى صلاح الدين كامل (ترجمة)
300 ## - الوصف المادى
التعداد 173 ص
490 ## - بيان السلسلة
عنوان السلسلة مسرحيات مختارة
رقم المجلد/ التعيين التسلسلي 0
650 04 - المدخل الاضافى بالموضوع-مصطلح موضوعى
مصطلح موضوعي الادب الفرنسى المترجم
650 04 - المدخل الاضافى بالموضوع-مصطلح موضوعى
مصطلح موضوعي المسرحيات الفرنسية المترجمة
942 ## - عناصر المدخل الإضافي( كوها)
مصدر التصنيف او مخطط الترفيف Dewey Decimal Classification
Koha [default] item type كتاب
Holdings
حالة التراجع حالة الفقد حالة تلف ليس للاعارة المكان المؤقت الموقع الحالى تاريخ الاكتساب اجمالي اﻻعارات رقم الطلب الباركود تاريخ اخر مشاهدة تاريخ تفعيل السعر نوع وعاء كوها
        مكتبة القاهرة الكبرى مكتبة القاهرة الكبرى 03/26/2014   843.043\ك ح 114584 03/26/2014 03/26/2014 كتاب

Powered By

EGPV